| 000 | 00486nam a2200181Ia 4500 | ||
|---|---|---|---|
| 008 | 240925s9999 xx 000 0 und d | ||
| 020 | _a9788131517161 | ||
| 082 | _a658.421 KUR | ||
| 100 | _aKuratko, D. F.; Rao, T. V. | ||
| 245 | 0 | _aEntrepreneurship: A South Asian Perspective | |
| 250 | _aNA | ||
| 260 |
_aNew Delhi: _bCengage Learning _c,2012. |
||
| 300 |
_axxxvi,654p. _b0 _fOriginal |
||
| 500 | _aIncludes Index | ||
| 600 | _aManagement | ||
| 650 | _aManagement | ||
| 942 | _cBK | ||
| 999 |
_c15541 _d15541 |
||